000 01068nmm a2200301 a 4500
001 ocm0001864822
003 TR-IsHL
005 20201028171957.0
008 180417s2017 tu tur
007 cr cn
020 _a9786059851763
035 _a1864822
_b(N$T)
050 0 4 _aPR5397
_b.F219 2017
090 0 4 _aPR5397
_b.F219 2017
100 1 _aShelley, Mary Wollstonecraft,
245 1 0 _aFrankenstein ya da modern prometheus
_h[electronic resource] /
_cMary Wollstonecraft, Shelley ; İngilizceden çeviren Yeşim Seber ; editör M. Tila Sadık
250 _aBirinci basım Mart 2016.
260 _aİstanbul :
_bNotos Kitap,
_c2017
300 _a313 p.
650 4 _aDil ve Edebiyat
650 4 _aLanguage and Literature
650 0 _aİsveç romanı
650 0 _aSwitzerland fiction
650 7 _aLITERARY COLLECTIONS / European / English, Irish, Scottish, Welsh
_2bisacsh
700 1 _aSeber, Yeşim
700 1 _aSadık, M. Tila
856 4 0 _uhttp://search.ebscohost.com/login.aspx?direct=true&scope=site&db=e011xww&AN=1864822
999 _c16972
_d16972